Nutrition and Dietetics (Record no. 159133)
[ view plain ]
| 000 -LEADER | |
|---|---|
| fixed length control field | 00369nam a2200145Ia 4500 |
| 008 - FIXED-LENGTH DATA ELEMENTS--GENERAL INFORMATION | |
| fixed length control field | 230519s9999 xx 000 0 und d |
| 020 ## - INTERNATIONAL STANDARD BOOK NUMBER | |
| International Standard Book Number | 978-81-909385-9-4 |
| 041 ## - LANGUAGE CODE | |
| Language code of text/sound track or separate title | eng |
| 082 ## - DEWEY DECIMAL CLASSIFICATION NUMBER | |
| Classification number | N/613.2/SOH/DB0313 |
| 100 ## - MAIN ENTRY--PERSONAL NAME | |
| Personal name | Sohi Darshan |
| 245 ## - TITLE STATEMENT | |
| Title | Nutrition and Dietetics |
| 260 ## - PUBLICATION, DISTRIBUTION, ETC. (IMPRINT) | |
| Name of publisher, distributor, etc. | S Vikas and Co |
| Place of publication, distribution, etc. | Jalandhar |
| Date of publication, distribution, etc. | 2012 |
| 300 ## - PHYSICAL DESCRIPTION | |
| Extent | 304p |
| Withdrawn status | Lost status | Damaged status | Not for loan | Collection code | Home library | Current library | Date acquired | Cost, normal purchase price | Bill number | Total Checkouts | Full call number | Barcode | Date last seen | Bill Date | Koha item type | Original Barcode | Total Renewals | Date last checked out |
|---|---|---|---|---|---|---|---|---|---|---|---|---|---|---|---|---|---|---|
| Smt. Bakul Tambat Institute of Nursing Education | Smt. Bakul Tambat Institute of Nursing Education | 23/07/2014 | 275.00 | 589 | N 613.2 SOH DB0313 | BTIN-DB-313 | 19/05/2023 | 19/07/2014 | Donated Book | DB0313 | ||||||||
| Smt. Bakul Tambat Institute of Nursing Education | Smt. Bakul Tambat Institute of Nursing Education | 24/07/2014 | 275.00 | 589 | N 613.2 SOH DB0321 | BTIN-DB-321 | 19/05/2023 | 19/07/2014 | Donated Book | DB0321 | ||||||||
| Smt. Bakul Tambat Institute of Nursing Education | Smt. Bakul Tambat Institute of Nursing Education | 29/08/2018 | 315.00 | 589 | 4 | N 613.2 SOH DB0757 | BTIN-DB-757 | 11/07/2025 | 19/07/2014 | Donated Book | DB0757 | 1 | 03/07/2025 |